000 00961nam a22002417a 4500
005 20240530110450.0
008 150506s2011 ua g 000 0 ara d
017 _a2010/2424
_bمصر . دار الكتب المصرية
020 _a9789774280245
040 _aEG-CaGPL
082 0 4 _221
_a327.14\
_bش س
100 0 _aشادية محمد حلمى
245 1 2 _aالسياسات الاعلامية و الحرب النفسية :
_bمخططات تغيير الهوية العربية /
_cشادية محمد حلمى
250 _aط1
260 _aالقاهرة :
_bمصر العربية للنشر و التوزيع ،
_c2011 .
300 _a463 ص ؛
_c24 سم .
650 0 4 _aالاتصال
_xعلم اجتماع
650 0 4 _aالاتصال الجماهيرى
650 0 4 _aوسائل الاعلام
650 0 4 _aوسائل الاعلام
_xالجوانب السياسية
942 _2ddc
_cBK
999 _c61234
_d61234